MARC

LEADER 00000nam0a2200000 4500
001 298164
005 20231102001058.0
035 |a (RuTPU)RU\TPU\book\323306 
090 |a 298164 
100 |a 20150616d1984 km y0rusy50 ca 
101 0 |a rus 
102 |a RU 
105 |a a z 001zy 
200 1 |a Эффективность химических производств. Экспрессные методы оценки  |f Е. С. Тыжненко-Давтян, Т. Г. Колчаян 
210 |a Москва  |c Химия  |d 1984 
215 |a 80 с.  |c ил. 
320 |a Библиогр.: с. 73-75 
606 1 |a Химические производства  |x Интенсификация  |2 stltpush  |3 (RuTPU)RU\TPU\subj\30891  |9 53907 
610 1 |a экономическая эффективность 
610 1 |a оценка 
610 1 |a экспрессные методы 
610 1 |a научно-исследовательские разработки 
610 1 |a планирование 
610 1 |a метод аналогов 
610 1 |a средние века 
610 1 |a затраты 
610 1 |a расчет 
675 |a 66:658  |v 4 
700 1 |a Тыжненко-Давтян  |b Е. С.  |g Евгений Семенович 
701 1 |a Колчаян  |b Т. Г.  |g Татьяна Григорьевна 
801 1 |a RU  |b 63413507  |c 20150616 
801 2 |a RU  |b 63413507  |c 20180608  |g RCR 
942 |c BK